000 00408pab a2200157 454500
008 180718b1985 xxu||||| |||| 00| 0 eng d
100 _aCaiden, Gerald E.
245 _aAdministrative reform - A global perspective
260 _c1985
300 _ap.459-471.
362 _aJul-Sep
650 _aAdministrative reform
773 _aIndian Journal of Public Administration
908 _aN
909 _a88722
999 _c88722
_d88722